Catalog

Record Details

Catalog Search



Available copies

  • 1 of 1 copy available at LARL/NWRL Consortium.
  • 1 of 1 copy available at Northwest Regional Library. (Show preferred library)

Current holds

0 current holds with 1 total copy.

Show Only Available Copies
Location Call Number / Copy Notes Barcode Shelving Location Status Due Date
Godel Memorial-Warren Library e HIM (Text) 35500003823216 Main Available -

Record details

  • ISBN: 0976494361
  • Physical Description: 1 v. (unpaged) : col. ill. ; 27 cm.
  • Publisher: Mount Pleasant, SC : Sylvan Dell Pub., 2006.
LDR 00626cam a22001815a 4500
00169937
003LARL_NWRL_CONSORTIUM
00520050720084522.0
008050125s2006 scu 000 0 eng
010 . ‡a2005921143
020 . ‡a0976494361
040 . ‡aDLC ‡cDLC
042 . ‡apcc
1001 . ‡aHimmelmann, John.
24510. ‡aTudley didn't know / ‡cJohn Himmelmann.
260 . ‡aMount Pleasant, SC : ‡bSylvan Dell Pub., ‡c2006.
300 . ‡a1 v. (unpaged) : ‡bcol. ill. ; ‡c27 cm.
901 . ‡a69937 ‡bISxN ‡c69937 ‡tbiblio

Additional Resources